Ahora que somos otros: notas en torno a la otredad optada y al rock juvenil costarricense /

Enregistré dans:
Détails bibliographiques
Auteur principal: Zúñiga Núñez, Mario
Format: Texte
Tags: Ajouter un tag
Pas de tags, Soyez le premier à ajouter un tag!

MARC

LEADER 00000 a a2200000 04500
001 4323
003
040
100 |a Zúñiga Núñez, Mario  
245 |a Ahora que somos otros:   |b notas en torno a la otredad optada y al rock juvenil costarricense /  |c Mario Zúñiga Núñez 
500 |a Resumen también en inglés  
773 |g número 14; páginas 95-106  
999 |c 39027  |d 39027